| 000 | 00398nam a22001337a 4500 | ||
|---|---|---|---|
| 082 |
_a62.312424 _bMOL _cL-10, P-40 |
||
| 100 |
_aMolly, E. _941372 |
||
| 245 |
_aQuestions and answers on batteries and battery charging/ _cE. Molly. |
||
| 260 |
_aLondon.: _bGeorge Newnes limitted _c1947. |
||
| 300 | _avii, 127p. | ||
| 526 |
_a0 _b0 _c0 _d62_312424000000000_MOL |
||
| 650 |
_aMCE _9379 |
||
| 942 |
_2ddc _cBK |
||
| 999 |
_c545498 _d545498 |
||